00553nam a2200193Ia 450000500170000000800410001702000220005804000190008004100120009908200140011110000180012524500830014326000350022630000140026150400340027565000190030970000200032885000110034820240404140253.0131103s9999 xx 000 0 und d a140260056cRs.150 aLoreto College aEnglish a301 bBHA aBhaduri, Amit 4aThe Intelligent Person's Guide to LiberalizationcAmit Bhaduri & Deepak Nayyar aNew DelhibPenguin booksc1996 aix,194p.  aIncludes bibliography & index aSocial science aNayyar, Deepak  aLCBED